01120nam a22002057a 450000500170000000800410001702000180005804100090007608200140008510000270009924500790012630000110020536500160021644000850023250003700031765000230068794200070071099900190071795201780073620250514142527.0250514b |||||||| |||| 00| 0 eng d a9789395361392 aEng. a61.73/VAS aVashist Suman 9212087 a Nursing Foundation-I Textbook (N-NF(I) 125) - I Semester (B.Sc. Nursing) a335 P. aRsb380cRs aNursing Foundation-I Textbook (N-NF(I) 125) - I Semester (B.Sc. Nursing)9212102 aBook is written as per the new revised INC syllabus for B.Sc. Nursing students. All chapters are written in simple and lucid language and organized in logical order to facilitate easy comprehension. For self evaluation each chapter comprises different types of questions. All the contents of the book have been reviewed by eminent medical and nursing professionals. aNursing Foundation cDB c366357d366357 00102ddc4070aSNCNbSNCNd2025-06-27eDonated by Takshasheela Giridhar MEshramg380.00l2o61.73/VASpSNCN-DB-316r2025-12-06 14:12:41s2025-11-25v380.00w2025-06-26yDB